00544nam a2200169 a 450000100100000000500170001000800410002702000150006804000250008310000280010824500430013626000430017930000210022204900090024395201050025299900170035700003425320200930070916.0110929s2005 dr 000 0 spa d a959060708x aDO-SdBNPbspacBNPHU1 aCollado, Enrique95967110aCuba independiente /cEnrique Collado. aLa Habana :bCiencias Sociales,c2005. a219 p. ;c19 cm. aBNPD 0010718PDaGRbGRcCTd2011-09-29iLF1l0o p34253-10r2020-06-25w2020-06-25yLFPDZNo se presta c33744d33744